| 000 | 01268nam a2200277 a 4500 | ||
|---|---|---|---|
| 008 | 090114s1996 ||||||||||||||||| || u | ||
| 020 | _a9072746643 | ||
| 050 | _aSF 239 BON | ||
| 100 | _aBonnier, Puck | ||
| 245 | 1 | 0 |
_aDairy cattle husbandry _cby Puck Bonnier, Arno Maas and Jolianne Rijks |
| 260 |
_aWageningen, Netherlands _bCTA _c1996 |
||
| 300 | _a80p.: ill. | ||
| 350 | _a0.00 | ||
| 490 | _aAGRODOK | ||
| 500 | _aAgrodok-series No.14 | ||
| 650 | _aDAIRY CATTLE | ||
| 650 | _aAGRICULTURE | ||
| 650 | _aDAIRY FARMING | ||
| 700 | _aRijks, Jolianne | ||
| 700 | _aMaas, Arno | ||
| 710 | _aAgromisa Foundation | ||
| 710 | _aTechnical Centre for Agricultural and Rural Cooperation (CTA) | ||
| 995 |
_D0.00 _FCBU-KAPASA MAKASA LIBRARY (Chinsali) _H1 _I0.00 _M1 _UAVAILABLE _WMar 2, 2010 _ZKapasa Makasa Library Open Acess Collection |
||
| 995 |
_D0.00 _FCBU-MAIN LIBRARY (Kitwe) _H1 _I0.00 _M3 _UAVAILABLE _WMar 11, 2010 _ZInternational Publications |
||
| 995 |
_D0.00 _FCBU-KAPASA MAKASA LIBRARY (Chinsali) _H1 _I0.00 _M2 _UAVAILABLE _WMar 2, 2010 _ZKapasa Makasa Library Open Acess Collection |
||
| 999 |
_c62667 _d62667 |
||